| 000 | 00865nam a2200289Ia 4500 | ||
|---|---|---|---|
| 001 | Z_2148 | ||
| 003 | CHAP | ||
| 008 | 220113s1995 xx 000 0 und d | ||
| 010 | _a163573 | ||
| 040 | _cCHAP | ||
| 090 | _aTesis D 1017 | ||
| 100 |
_aDíaz López, Arbey _933532 |
||
| 245 |
_aDescripción del sistema vaca-becerro en areas comunales del sur de Sinaloa / _cpor Arbey Díaz López |
||
| 260 |
_aChapingo, Méx. : _bEl autor, _c1995 |
||
| 300 | _a74 h. | ||
| 502 | _aTesis (Ing. Agr. Esp. en Zootecnia) -- UACH. Departamento de Zootecnia | ||
| 650 |
_aBecerros _xAlimentación _911172 |
||
| 650 |
_aGanado vacuno _xAlimentación _945429 |
||
| 650 |
_aGanado vacuno _xReproducción _945510 |
||
| 650 |
_aGanado vacuno _xSinaloa _945514 |
||
| 901 | _aTESIS D 1017 | ||
| 902 | _aM | ||
| 910 | _a1995 | ||
| 942 | _c2 | ||
| 942 | _c2 | ||
| 999 |
_c163573 _d163573 |
||